|
|
|
|
| LEADER |
00000nam0a2200000 4500 |
| 001 |
183711 |
| 005 |
20231101223800.0 |
| 010 |
|
|
|a 9785911910780
|
| 035 |
|
|
|a (RuTPU)RU\TPU\book\199166
|
| 090 |
|
|
|a 183711
|
| 100 |
|
|
|a 20100819d2007 k y0rusy50 ca
|
| 101 |
0 |
|
|a rus
|
| 102 |
|
|
|a RU
|
| 105 |
|
|
|a a z 001zy
|
| 200 |
1 |
|
|a Моделирование адаптивных мехатронных систем
|f А. Н. Горитов, А. М. Кориков
|g Томский государственный университет систем управления и радиоэлектроники (ТУСУР)
|
| 210 |
|
|
|a Томск
|c В-Спектр
|d 2007
|
| 215 |
|
|
|a 292 с.
|c ил.
|
| 320 |
|
|
|a Библиогр.: с. 288-290.
|
| 330 |
|
|
|a Рассмотрены вопросы математического моделирования адаптивных мехатронных систем. Основное внимание уделено обеспечению функционирования адаптивных мехатронных систем в условиях неполной информации о внешней среде. Для специалистов в области приборостроения, информатики и вычислительной техники, а также студентов, обучающихся но направлениям «Информатика и вычислительная техника», «Системный анализ и управление» и аспирантов соответствующих специальностей.
|
| 606 |
1 |
|
|a Мехатронные устройства
|2 stltpush
|3 (RuTPU)RU\TPU\subj\27854
|9 51539
|
| 610 |
1 |
|
|a адаптивные мехатронные системы
|
| 610 |
1 |
|
|a структурный синтез
|
| 610 |
1 |
|
|a параметрический синтез
|
| 610 |
1 |
|
|a математическое моделирование
|
| 610 |
1 |
|
|a геометрические характеристики
|
| 610 |
1 |
|
|a кинематические характеристики
|
| 610 |
1 |
|
|a динамические характеристики
|
| 610 |
1 |
|
|a автоматизированное проектирование
|
| 610 |
1 |
|
|a автоматизированное моделирование
|
| 610 |
1 |
|
|a приборостроение
|
| 610 |
1 |
|
|a информатика
|
| 610 |
1 |
|
|a вычислительная техника
|
| 675 |
|
|
|a 621.865.8.001
|v 3
|
| 700 |
|
1 |
|a Горитов
|b А. Н.
|g Александр Николаевич
|
| 701 |
|
1 |
|a Кориков
|b А. М.
|g Анатолий Михайлович
|
| 712 |
0 |
2 |
|a Томский государственный университет систем управления и радиоэлектроники (ТУСУР)
|c (1997 - )
|2 stltpush
|3 (RuTPU)RU\TPU\col\422
|
| 801 |
|
1 |
|a RU
|b 63413507
|c 20100819
|
| 801 |
|
2 |
|a RU
|b 63413507
|c 20140116
|g RCR
|
| 942 |
|
|
|c BK
|